000 00487nam a2200169Ia 4500
008 220216s9999 xx 000 0 und d
100 _aSporlein B
245 0 _aLipofectin: Direct gene transfer to higher plants using cationic liposomes
260 _bTheoretical and Applied Genetics
_c1991
300 _a49-57
650 _aCationic liposomes
650 _aDirect gene tranfer
650 _aElectroporation
650 _aPlant transformation
700 _aKoop H U
942 _cJS
999 _c62210
_d62210